Liste der DFB Trainer - Statistiken

Allgemein
  • Dieses Quiz wurde 360 mal gespielt
    282 seit der letzten Aktualisierung
  • Das Durchschnittsergebnis liegt bei 7 aus 11
Antwortstatistiken
Hint Antwort % Korrekt
2006 - 2021 Joachim Löw
100%
Seit 2021 Hansi Flick
98%
2004 - 2006 Jürgen Klinsmann
93%
1984 - 1990 Franz Beckenbauer
85%
2000 - 2004 Rudi Völler
84%
1990 - 1998 Berti Vogts
62%
1998 - 2000 Erich Ribbeck
50%
1964 - 1978 Helmut Schön
50%
1936 - 1964 Sepp Herberger
48%
1978 - 1984 Jupp Derwall
32%
1926 - 1936 Otto Nerz
19%
Keine übereinstimmenden Quizze gefunden
Verteilung der Resultate
Anzahl Personen mit jedem Resultat
Perzentil nach korrekt beantworteten Fragen
Ihre Resultats-Entwicklung
Sie haben dieses Quiz seit der letzten Aktualisierung nicht gespielt